Lengua y Literatura

Gorde:
Xehetasun bibliografikoak
Egile nagusia: Aguado-Andreut, Salvador
Formatua: Liburua
Hizkuntza:Undetermined
Argitaratua: San José, Costa Rica Editorial Universitaria 1959
Gaiak:
Etiketak: Etiketa erantsi
Etiketarik gabe, Izan zaitez lehena erregistro honi etiketa jartzen!

MARC

LEADER 00000nam a2200000Ia 4500
008 170316s9999 xx 000 0 und d
090 |a 410 A-2L 
100 |a Aguado-Andreut, Salvador 
245 |a Lengua y Literatura 
260 |a San José, Costa Rica 
260 |b Editorial Universitaria 
260 |c 1959 
300 |a 451 páginas 
650 |a LINGÜÍSTICA 
999 |c 18202  |d 18202 
040 |a cru BVZT 
942 |c 15 D  |h 410 A-2L  |2 z